Galois' dream: group theory and differential equations

محفوظ في:
التفاصيل البيبلوغرافية
المؤلف الرئيسي: Kuga, Michio (مؤلف)
التنسيق: كتاب
اللغة:الإنجليزية
منشور في: Boston Birkhäuser 1993
الموضوعات:
الوسوم: إضافة وسم
لا توجد وسوم, كن أول من يضع وسما على هذه التسجيلة!

MARC

LEADER 00000nam a2200000 a 4500
001 UCW1787
003 CL-VaPUC
008 930908e19930000US |||||||||||||||||eng|d
082 0 4 |a 512.3  |b KUG  |2 21 
100 0 |a Kuga, Michio  |e author  |9 305856 
245 1 0 |a Galois' dream: group theory and differential equations 
300 |a 153 p 
942 |c BK 
945 |d 19930908 00:00:00 
260 |a Boston  |b Birkhäuser  |c 1993 
650 0 |a Teoría de Galois  |9 271494 
650 0 |a Ecuaciones diferenciales  |9 260083 
583 |a last modification  |c 20120530 10:55:36  |k Rodrigo Vera 
999 |c 216607  |d 216605 
952 |0 0  |1 0  |4 0  |6 512_300000000000000_KUG_1993  |7 0  |8 A  |9 202468  |a BIBMAT  |b BIBMAT  |d 2019-11-14  |i 2695685  |o 512.3 KUG 1993  |p 2695685  |r 2025-01-07  |w 2019-11-14  |y BK  |k MAT